000
00243nam a2200097Ia 4500
001
640750
005
20250826153453.0
008
250824s9999 xx 000 0 und d
245
0
_a
NE HALİNİZ VARSA GÜLÜN
_c
MİNE SOTA
260
_b
GENÇ TİMAŞ
999
_c
640750
_d
640750